تحية وذكريات من مصر : (Record no. 27202)
[ view plain ]
| 000 -الفاتح | |
|---|---|
| حقل البيانات ثابتة الطول | 01394nam a22003255i 4500 |
| 003 - محدد رقم الضبط | |
| رقم الضبط | EG-ScBUE |
| 005 - وقت وتاريخ اخر تعامل مع التسجيلة | |
| رقم الضبط | 20260512114832.0 |
| 008 - عناصر البيانات ثابتة الطول - معلومات عامة | |
| حقل البيانات ثابتة الطول | 190228s2018 ua a frb 000 0bara d |
| 017 ## - رقم الإيداع القانونى | |
| رقم الإيداع القانونى | 2018 / 4367 |
| 020 ## - الرقم الدولى المعيارى للكتب | |
| الرقم الدولى المعيارى للكتاب | 9789774524573 |
| 040 ## - مصدر الفهرسة | |
| وكالة الفهرسة الأصلية | EG-ScBUE |
| لغة الفهرسة | ara |
| قواعد الوصف | rda |
| وكالة النسخ | EG-ScBUE |
| وكالة التعديل | EG-ScBUE |
| 082 04 - رقم تصنيف ديوى العشرى | |
| رقم التصنيف | 540.92 |
| رقم المادة | ت ح ي |
| رقم الطبعة | 22 |
| 245 00 - بيان العنوان | |
| العنوان | تحية وذكريات من مصر : |
| بقية العنوان | أحمد زويل : العالم والإنسان، 1946-2016 / |
| بيان المسئوليه,etc | تقديم مصطفى الفقي ؛ تأليف مجموعة من الكتاب ؛ رئيسا التحرير أحمد عكاشه، شريف صدقي. |
| 264 #1 - النشر، التوزيع | |
| مكان الناشر او الموزع | الإسكندرية : |
| اسم الناشر او الموزع | مكتبة الإسكندرية، |
| تاريخ النشر أو التوزيع | 2018. |
| 300 ## - الوصف المادى | |
| التعداد | 179 صفحة : |
| تفاصيل ماديه اخرى للوعاء | إيضاحيات ؛ |
| أبعاد الوعاء | 22 سم |
| 336 ## - نوع المحتوى | |
| source | rdacontent |
| Carrier Type Term | نص |
| Content Type Code | txt |
| 337 ## - نوع الوسيط | |
| Media Type Term | بدون وسيط |
| source | rdamedia |
| Media Type Code | n |
| 338 ## - نوع الحامل أو الناقل | |
| Carrier Type Term | مجلد |
| Carrier Type Code | nc |
| source | rdacarrier |
| 504 ## - تبصرة ببليوجرافية | |
| تبصرة ببليوجرافية,الخ | يشتمل على إرجاعات ببليوجرافية. |
| 600 17 - المدخل الاضافى بالموضوع-اسم شخصى | |
| الإسم الشخصى | زويل، أحمد، |
| التواريخ المصاحبة للاسم | 1946-2016. |
| مصدر الرأس أو المصطلح | BUEsh |
| 9 (RLIN) | 17378 |
| 650 #7 - المدخل الاضافى بالموضوع-مصطلح موضوعى | |
| مصطلح موضوعي أو اسم جغرافي كعنصر مدخل | الكيميائيون المصريون. |
| مصدر الرأس أو المصطلح | BUEsh |
| 9 (RLIN) | 21508 |
| 650 #7 - المدخل الاضافى بالموضوع-مصطلح موضوعى | |
| مصطلح موضوعي أو اسم جغرافي كعنصر مدخل | العلماء المصريون. |
| مصدر الرأس أو المصطلح | BUEsh |
| 650 #7 - المدخل الاضافى بالموضوع-مصطلح موضوعى | |
| مصطلح موضوعي أو اسم جغرافي كعنصر مدخل | الكيمياء |
| التقسيم الفرعي الشكلي | تراجم. |
| مصدر الرأس أو المصطلح | BUEsh |
| 651 ## - المدخل الاضافى بالموضوع - اسم جغرافى | |
| مصدر الرأس أو المصطلح | BUEsh |
| 655 ## - مصطلح تكشيفى-نوع/شكل | |
| التقسيم الفرعي الشكلي | Reading book |
| 700 1# - المدخل الاضافى - اسم شخصى | |
| الإسم الشخصى | الفقي، مصطفى، |
| التواريخ المصاحبة للاسم | 1944- |
| الدور | مقدم. |
| 700 1# - المدخل الاضافى - اسم شخصى | |
| الإسم الشخصى | عكاشه، أحمد، |
| الدور | محرر. |
| 700 1# - المدخل الاضافى - اسم شخصى | |
| الإسم الشخصى | صدقي، شريف، |
| الدور | محرر. |
| 942 ## - عناصر المدخل الإضافي( كوها) | |
| مصدر التصنيف او مخطط الترفيف | Dewey Decimal Classification |
| حالة التراجع | حالة الفقد | مصدر التصنيف او خطة الترفيف | حالة تلف | ليس للاعارة | مجموعات كوها | المكان الدائم | المكان الحالي | موقع الترفيف | تاريخ الاكتساب | Source of acquisition | سعر الشراء الطبيعي | تعداد مسلسل / التسلسل الزمني | رقم الاستدعاء | الباركود | Date last seen | مُعار | التكلفة | نوع الوعاء |
|---|---|---|---|---|---|---|---|---|---|---|---|---|---|---|---|---|---|---|
| Dewey Decimal Classification | مكتبة الاسكندرية | Central Library | Central Library | First floor | 28/02/2019 | Purchase | 76.00 | 65590 | 540.92 أ ح م | 000044317 | 28/10/2025 | 22/02/2025 | 95.00 | Book - Borrowing | ||||
| Dewey Decimal Classification | مكتبة الاسكندرية | Central Library | Central Library | First floor | 28/02/2019 | Purchase | 76.00 | 65590 | 540.92 أ ح م | 000044318 | 15/07/2025 | 10/04/2019 | 95.00 | Book - Borrowing |